The book of revelation/ (Record no. 19611)
[ view plain ]
| 000 -LEADER | |
|---|---|
| fixed length control field | 00470nam a22001577a 4500 |
| 008 - FIXED-LENGTH DATA ELEMENTS--GENERAL INFORMATION | |
| fixed length control field | 220930b |||||||| |||| 00| 0 eng d |
| 020 ## - INTERNATIONAL STANDARD BOOK NUMBER | |
| International Standard Book Number | 0802825377 |
| 050 ## - LIBRARY OF CONGRESS CALL NUMBER | |
| Classification number | BS2825.3 |
| Item number | .M69 1997 |
| 100 ## - MAIN ENTRY--PERSONAL NAME | |
| Personal name | Mounce, Robert H. |
| 245 ## - TITLE STATEMENT | |
| Title | The book of revelation/ |
| Statement of responsibility, etc. | Robert H. Mounce; |
| 250 ## - EDITION STATEMENT | |
| Edition statement | revised ed. |
| 260 ## - PUBLICATION, DISTRIBUTION, ETC. (IMPRINT) | |
| Place of publication, distribution, etc. | Grand Rapids,Michigan |
| Name of publisher, distributor, etc. | William B.Eerdmans publishing company |
| Date of publication, distribution, etc. | 1997 |
| 300 ## - PHYSICAL DESCRIPTION | |
| Extent | xxxvi, 439p. |
| 650 ## - SUBJECT ADDED ENTRY--TOPICAL TERM | |
| Topical term or geographic name as entry element | Revelation |
| Form subdivision | Commentaries |
| 942 ## - ADDED ENTRY ELEMENTS (KOHA) | |
| Source of classification or shelving scheme | Library of Congress Classification |
| Koha item type | General Collection |
| Withdrawn status | Lost status | Source of classification or shelving scheme | Not for loan | Home library | Current library | Date acquired | Cost, normal purchase price | Inventory number | Total Checkouts | Full call number | Barcode | Date last seen | Copy number | Price effective from | Koha item type |
|---|---|---|---|---|---|---|---|---|---|---|---|---|---|---|---|
| Library of Congress Classification | Kabarak, Main Campus | Kabarak, Main Campus | 30/09/2022 | 4300.00 | 0600/2022 | BS2825.3 .M69 1997 C.1 | 032030 | 02/08/2024 | C.1 | 30/09/2022 | General Collection |